Países de Europa antes de la Segunda Guerra Mundial con un mapa - Estadísticas

Estadísticas generales
  • Esta prueba ha sido intentada 310 veces
  • La puntuación promedio es 32 de 33
Respuestas en el mapa
Las respuestas están codificadas por una escala verde-roja en el mapa de la prueba según el % correcto abajo.
 
Estadísticas de respuestas
País % Correcto
Finlandia
100%
Alemania
99%
Dinamarca
99%
España
99%
Estonia
99%
Francia
99%
Grecia
99%
Irlanda
99%
Italia
99%
Letonia
99%
Lituania
99%
Noruega
99%
Países Bajos
99%
Portugal
99%
Reino Unido
99%
Suecia
99%
Bélgica
98%
Suiza
98%
Andorra
97%
Ciudad del Vaticano
97%
Islandia
97%
Luxemburgo
97%
Mónaco
97%
Polonia
97%
Rumania
97%
Unión Soviética
97%
Bulgaria
96%
San Marino
96%
Hungría
95%
Yugoslavia
95%
Liechtenstein
94%
Eslovaquia
84%
Danzig
33%
No se encontraron pruebas coincidentes
Distribución de puntuación
Porcentaje de gente con cada puntuación
Porcentaje por número respondido
Historial de tus puntuaciones
No has intentado esta prueba.